| 000 | 01154cad a22002535a 4500 | ||
|---|---|---|---|
| 001 | L149169 | ||
| 008 | 100125e20100108xxkd f s 000 0 eng d | ||
| 035 | _a(Sirsi) u149169 | ||
| 041 | 0 | _aeng | |
| 050 | 0 | 4 | _a333.33 $2 18 |
| 110 | 2 |
_aRoyal Institution of Chartered Surveyors _bEconomics _95033 |
|
| 245 | 0 | 0 |
_aRICS global real estate weekly _b8 January 2010 _h[electronic resource] |
| 260 |
_aLondon _bRICS _c2010 |
||
| 490 | 0 |
_aRICS Global Real Estate Weekly _v8 January 2010 |
|
| 520 | _aRebound in Canadian home prices and construction continues. Chinese economic data points to ongoing recovery critical to the real estate sector. Australian housing finance set to rise again in November. Outlook for German housing market becomes brighter. | ||
| 521 | _aAdvanced | ||
| 590 | _aKA | ||
| 650 | 2 | 4 | _aRICS GLOBAL REAL ESTATE WEEKLY |
| 651 | 4 | _aInternational | |
| 690 | _aBUILT ENVIRONMENT-CONSTRUCTION MARKET | ||
| 690 | _aPROPERTY-COMMERCIAL PROPERTY-COMMERCIAL PROPERTY MARKET | ||
| 856 | 4 | 0 |
_uhttps://www.rics.org/site/scripts/download_info.aspx?fileID=5419&categoryID=419 _zView the report free of charge at www.rics.org... |
| 942 | _n0 | ||
| 999 |
_c110395 _d110395 |
||